[Event "Blitz 2018"]
[Site "Saint-Petersburg"]
[Date "2018.12.30"]
[Round "21"]
[Board "77"]
[White "Alekseev Evgeny (RUS)"]
[Black "Baron Tal (ISR)"]
[Result "0-1"]
[LiveChessVersion "1.4.8"]
[BlackElo "2421"]
[WhiteElo "2634"]

1. e4 e6 2. d4 d5 3. Nc3 {[%clk 0:03:05]} Bb4 {[%clk 0:03:07]} 4. exd5
{[%clk 0:03:06]} exd5 {[%clk 0:03:08]} 5. Bd3 Nc6 6. a3 {[%clk 0:03:06]} Bxc3+
{[%clk 0:03:11]} 7. bxc3 {[%clk 0:03:07]} Nge7 {[%clk 0:03:12]} 8. Qf3
{[%clk 0:03:08]} Be6 {[%clk 0:03:11]} 9. Rb1 {[%clk 0:03:08]} b6 {[%clk 0:03:11]}
10. Ne2 {[%clk 0:03:08]} Qd7 {[%clk 0:03:12]} 11. Ng3 {[%clk 0:03:09]} O-O-O
{[%clk 0:02:37]} 12. O-O {[%clk 0:03:10]} h5 {[%clk 0:02:33]} 13. h4
{[%clk 0:02:50]} Rdf8 {[%clk 0:02:25]} 14. Re1 {[%clk 0:02:40]} Kb8
{[%clk 0:02:21]} 15. a4 {[%clk 0:02:21]} Bg4 {[%clk 0:02:09]} 16. Qf4
{[%clk 0:02:15]} f6 {[%clk 0:02:08]} 17. Ba3 {[%clk 0:02:08]} Re8
{[%clk 0:01:59]} 18. f3 {[%clk 0:01:44]} Be6 {[%clk 0:01:43]} 19. Re2
{[%clk 0:01:39]} Nc8 {[%clk 0:01:17]} 20. Rbe1 {[%clk 0:01:34]} Kb7
{[%clk 0:01:09]} 21. Kh2 {[%clk 0:01:27]} Nd8 {[%clk 0:01:01]} 22. Bb5
{[%clk 0:01:21]} c6 {[%clk 0:01:01]} 23. Bd3 {[%clk 0:01:22]} Bf7
{[%clk 0:00:47]} 24. Nf5 {[%clk 0:01:12]} Rxe2 {[%clk 0:00:44]} 25. Rxe2
{[%clk 0:01:12]} Ne6 {[%clk 0:00:33]} 26. Qg3 {[%clk 0:00:46]} g5
{[%clk 0:00:35]} 27. hxg5 {[%clk 0:00:45]} h4 {[%clk 0:00:33]} 28. Qg4
{[%clk 0:00:27]} fxg5 {[%clk 0:00:34]} 29. Ne3 {[%clk 0:00:18]} Qc7+
{[%clk 0:00:33]} 30. Kg1 {[%clk 0:00:18]} Nf4 {[%clk 0:00:33]} 31. Re1
{[%clk 0:00:17]} h3 {[%clk 0:00:31]} 32. g3 {[%clk 0:00:16]} h2+ {[%clk 0:00:32]}
33. Kh1 {[%clk 0:00:17]} Bh5 {[%clk 0:00:32]} 0-1

[Event "Blitz 2018"]
[Site "Saint-Petersburg"]
[Date "2018.12.30"]
[Round "21"]
[Board "78"]
[White "Tregubov Pavel V. (RUS)"]
[Black "Kobo Ori (ISR)"]
[Result "1-0"]
[LiveChessVersion "1.4.8"]
[BlackElo "2401"]
[WhiteElo "2516"]

1. d4 {[%clk 0:03:02]} e6 {[%clk 0:03:03]} 2. e4 {[%clk 0:03:03]} d5
{[%clk 0:03:04]} 3. exd5 exd5 {[%clk 0:03:05]} 4. Nf3 {[%clk 0:03:06]} Bd6
{[%clk 0:03:03]} 5. c4 {[%clk 0:03:03]} Nf6 {[%clk 0:03:00]} 6. c5
{[%clk 0:03:03]} Be7 {[%clk 0:03:01]} 7. Bd3 {[%clk 0:03:04]} O-O
{[%clk 0:02:58]} 8. O-O {[%clk 0:03:05]} b6 {[%clk 0:02:59]} 9. Be3
{[%clk 0:03:06]} Nc6 {[%clk 0:02:46]} 10. h3 {[%clk 0:02:56]} bxc5
{[%clk 0:02:30]} 11. dxc5 {[%clk 0:02:57]} Rb8 {[%clk 0:02:32]} 12. Nbd2
{[%clk 0:02:38]} d4 {[%clk 0:02:15]} 13. Bg5 {[%clk 0:02:39]} Nd5
{[%clk 0:02:16]} 14. Bxe7 {[%clk 0:02:37]} Qxe7 {[%clk 0:02:17]} 15. Nb3
{[%clk 0:02:32]} Nf4 {[%clk 0:02:12]} 16. Re1 {[%clk 0:02:16]} Qf6
{[%clk 0:02:09]} 17. Be4 {[%clk 0:02:16]} Bb7 {[%clk 0:02:01]} 18. h4
{[%clk 0:01:58]} Rfe8 {[%clk 0:01:46]} 19. g3 {[%clk 0:01:58]} Ne6
{[%clk 0:01:44]} 20. Qd2 {[%clk 0:01:41]} a5 {[%clk 0:01:35]} 21. Rac1
{[%clk 0:01:08]} a4 {[%clk 0:01:33]} 22. Na1 {[%clk 0:01:09]} Na5
{[%clk 0:01:08]} 23. Bxb7 {[%clk 0:01:08]} Nxb7 {[%clk 0:01:10]} 24. Ng5
{[%clk 0:00:56]} Nbxc5 {[%clk 0:01:06]} 25. Nxe6 {[%clk 0:00:51]} Nxe6
{[%clk 0:01:07]} 26. b3 {[%clk 0:00:50]} axb3 {[%clk 0:01:07]} 27. Nxb3
{[%clk 0:00:51]} Ra8 {[%clk 0:01:02]} 28. Rc4 {[%clk 0:00:32]} Red8
{[%clk 0:01:02]} 29. a4 {[%clk 0:00:31]} Qf5 {[%clk 0:00:53]} 30. Rd1
{[%clk 0:00:19]} Qd5 {[%clk 0:00:52]} 31. Qd3 {[%clk 0:00:19]} c5
{[%clk 0:00:49]} 32. Rdc1 {[%clk 0:00:20]} Rac8 {[%clk 0:00:48]} 33. a5
{[%clk 0:00:21]} g5 {[%clk 0:00:46]} 34. hxg5 {[%clk 0:00:16]} Qxg5
{[%clk 0:00:30]} 35. Nd2 {[%clk 0:00:13]} Ra8 {[%clk 0:00:25]} 36. Ne4
{[%clk 0:00:12]} Qg7 {[%clk 0:00:24]} 37. Nxc5 {[%clk 0:00:11]} Nxc5
{[%clk 0:00:24]} 38. Rxc5 {[%clk 0:00:12]} h6 {[%clk 0:00:22]} 39. a6
{[%clk 0:00:12]} Qf6 {[%clk 0:00:22]} 40. Rc6 {[%clk 0:00:13]} Qg5
{[%clk 0:00:22]} 41. R1c5 {[%clk 0:00:13]} Qg7 {[%clk 0:00:22]} 42. Rc7
{[%clk 0:00:12]} Re8 {[%clk 0:00:22]} 43. a7 {[%clk 0:00:12]} Qg4
{[%clk 0:00:19]} 44. Kg2 {[%clk 0:00:12]} Kg7 {[%clk 0:00:14]} 45. Rf5
{[%clk 0:00:06]} Rf8 {[%clk 0:00:09]} 46. Rf4 {[%clk 0:00:07]} Qe6
{[%clk 0:00:10]} 47. Qxd4+ {[%clk 0:00:08]} Kh7 {[%clk 0:00:10]} 48. Qd7
{[%clk 0:00:06]} Qxd7 {[%clk 0:00:08]} 49. Rxd7 {[%clk 0:00:07]} Kg6
{[%clk 0:00:09]} 50. Kf3 {[%clk 0:00:08]} f5 {[%clk 0:00:09]} 51. Rb4
{[%clk 0:00:08]} Rfc8 {[%clk 0:00:08]} 52. Rb6+ {[%clk 0:00:09]} Kh5
{[%clk 0:00:08]} 53. Rf7 {[%clk 0:00:08]} Kg5 {[%clk 0:00:05]} 54. Rg7+
{[%clk 0:00:08]} Kh5 {[%clk 0:00:06]} 55. Rh7 {[%clk 0:00:09]} Kg5
{[%clk 0:00:05]} 56. Rhxh6 {[%clk 0:00:08]} Rc3+ {[%clk 0:00:06]} 57. Kg2
{[%clk 0:00:09]} f4 {[%clk 0:00:07]} 58. Rhg6+ {[%clk 0:00:08]} Kf5
{[%clk 0:00:08]} 59. Rbf6+ {[%clk 0:00:07]} Ke5 {[%clk 0:00:08]} 60. gxf4+
{[%clk 0:00:07]} Ke4 {[%clk 0:00:09]} 61. Rf7 {[%clk 0:00:07]} Ra3
{[%clk 0:00:10]} 62. Re6+ {[%clk 0:00:08]} Kd5 {[%clk 0:00:10]} 63. Ree7
{[%clk 0:00:09]} Rg8+ {[%clk 0:00:11]} 64. Rg7 {[%clk 0:00:09]} Rf8
{[%clk 0:00:11]} 65. Ref7 {[%clk 0:00:09]} Rc8 {[%clk 0:00:07]} 66. f5
{[%clk 0:00:09]} Ke4 {[%clk 0:00:08]} 67. f6 {[%clk 0:00:08]} Ra2
{[%clk 0:00:09]} 68. Re7+ {[%clk 0:00:08]} Kd5 {[%clk 0:00:05]} 69. f7
{[%clk 0:00:08]} 1-0

[Event "Blitz 2018"]
[Site "Saint-Petersburg"]
[Date "2018.12.30"]
[Round "21"]
[Board "79"]
[White "Fakhrutdinov Timur (RUS)"]
[Black "Eliseev Alexei (RUS)"]
[Result "0-1"]
[LiveChessVersion "1.4.8"]
[BlackElo "2486"]
[WhiteElo "2357"]

1. e4 {[%clk 0:03:02]} g6 {[%clk 0:03:03]} 2. d4 {[%clk 0:03:04]} Bg7
{[%clk 0:03:04]} 3. Nc3 {[%clk 0:03:05]} c6 {[%clk 0:03:06]} 4. Nf3
{[%clk 0:03:03]} d5 {[%clk 0:03:07]} 5. h3 {[%clk 0:03:04]} Nf6 {[%clk 0:03:07]}
6. e5 {[%clk 0:03:04]} Ne4 {[%clk 0:03:08]} 7. Bd3 {[%clk 0:03:01]} Nxc3
{[%clk 0:03:08]} 8. bxc3 {[%clk 0:03:01]} c5 {[%clk 0:03:09]} 9. O-O
{[%clk 0:02:38]} c4 {[%clk 0:03:10]} 10. Be2 {[%clk 0:02:39]} Qa5
{[%clk 0:03:11]} 11. Bd2 {[%clk 0:02:39]} Nc6 {[%clk 0:03:11]} 12. a4
{[%clk 0:02:34]} h5 {[%clk 0:02:56]} 13. Nh4 {[%clk 0:02:31]} e6 {[%clk 0:02:38]}
14. Qe1 {[%clk 0:02:22]} Bf8 {[%clk 0:02:32]} 15. Bg5 {[%clk 0:02:00]} Be7
{[%clk 0:02:31]} 16. Nf3 {[%clk 0:01:53]} Bd7 {[%clk 0:02:26]} 17. Qd2
{[%clk 0:01:48]} b6 {[%clk 0:02:24]} 18. g4 {[%clk 0:01:32]} Kd8 {[%clk 0:02:12]}
19. Bxe7+ {[%clk 0:01:29]} Nxe7 {[%clk 0:02:12]} 20. Ng5 {[%clk 0:01:27]} Be8
{[%clk 0:02:14]} 21. Kg2 {[%clk 0:01:17]} Kc7 {[%clk 0:02:15]} 22. f4
{[%clk 0:01:18]} Rd8 {[%clk 0:02:09]} 23. Qe3 {[%clk 0:01:01]} Kb7
{[%clk 0:01:59]} 24. Kg3 {[%clk 0:00:45]} Rd7 {[%clk 0:01:57]} 25. Nf3
{[%clk 0:00:44]} Rc7 {[%clk 0:01:55]} 26. Nh4 {[%clk 0:00:42]} hxg4
{[%clk 0:01:49]} 27. hxg4 Bd7 28. Nf3 {[%clk 0:00:41]} Bxa4 {[%clk 0:01:43]} 29.
Ng5 {[%clk 0:00:40]} Nc8 {[%clk 0:01:44]} 30. f5 {[%clk 0:00:38]} gxf5
{[%clk 0:01:44]} 31. gxf5 {[%clk 0:00:39]} Rg8 {[%clk 0:01:41]} 32. Bg4
{[%clk 0:00:30]} Re7 {[%clk 0:01:36]} 33. f6 {[%clk 0:00:08]} Rc7
{[%clk 0:01:35]} 34. Kf4 {[%clk 0:00:06]} Qb5 {[%clk 0:01:35]} 35. Rfb1
{[%clk 0:00:05]} Qe8 {[%clk 0:01:35]} 36. Qf2 {[%clk 0:00:04]} Ka8
{[%clk 0:01:31]} 37. Rh1 {[%clk 0:00:05]} b5 {[%clk 0:01:27]} 38. Rh7
{[%clk 0:00:05]} Nb6 {[%clk 0:01:22]} 39. Bxe6 {[%clk 0:00:04]} Rxg5
{[%clk 0:01:21]} 40. Bxf7 {[%clk 0:00:05]} Rxf7 {[%clk 0:01:20]} 41. Rxf7
{[%clk 0:00:06]} Qxf7 {[%clk 0:01:22]} 42. Kxg5 {[%clk 0:00:07]} Bxc2
{[%clk 0:01:23]} 43. Qxc2 {[%clk 0:00:07]} b4 {[%clk 0:01:20]} 44. Qg6
{[%clk 0:00:06]} Qc7 {[%clk 0:00:57]} 45. f7 {[%clk 0:00:06]} Nd7
{[%clk 0:00:57]} 46. Qg8+ {[%clk 0:00:07]} Kb7 {[%clk 0:00:58]} 47. e6
{[%clk 0:00:04]} Qg3+ {[%clk 0:00:58]} 48. Kf5 {[%clk 0:00:04]} Qf3+
{[%clk 0:00:57]} 49. Kg6 {[%clk 0:00:04]} Qg4+ {[%clk 0:00:54]} 50. Kh6
{[%clk 0:00:03]} Qh4+ {[%clk 0:00:54]} 51. Kg6 {[%clk 0:00:04]} Qg4+
{[%clk 0:00:52]} 52. Kh6 {[%clk 0:00:04]} Qxe6+ {[%clk 0:00:51]} 53. Kg5
{[%clk 0:00:04]} Qe3+ {[%clk 0:00:47]} 54. Kh4 {[%clk 0:00:03]} Qf2+
{[%clk 0:00:45]} 55. Kh3 {[%clk 0:00:04]} Qf5+ {[%clk 0:00:43]} 56. Kg2
{[%clk 0:00:04]} bxc3 {[%clk 0:00:43]} 57. Rf1 {[%clk 0:00:03]} Qe4+
{[%clk 0:00:43]} 58. Kg1 {[%clk 0:00:04]} Qxd4+ {[%clk 0:00:43]} 59. Kh1
{[%clk 0:00:04]} Qe4+ {[%clk 0:00:37]} 60. Qg2 {[%clk 0:00:05]} Qxg2+
{[%clk 0:00:34]} 61. Kxg2 {[%clk 0:00:07]} d4 {[%clk 0:00:35]} 62. Kf3
{[%clk 0:00:06]} Kc6 {[%clk 0:00:36]} 63. Ke4 {[%clk 0:00:07]} Kc5
{[%clk 0:00:38]} 64. Rf5+ {[%clk 0:00:05]} Kb4 {[%clk 0:00:39]} 65. Kxd4
{[%clk 0:00:06]} c2 {[%clk 0:00:40]} 66. Rf1 {[%clk 0:00:04]} Kb3
{[%clk 0:00:42]} 67. Kd5 {[%clk 0:00:04]} Kb2 {[%clk 0:00:42]} 68. Kd6
{[%clk 0:00:04]} Nf8 {[%clk 0:00:43]} 69. Ke7 {[%clk 0:00:05]} Nh7
{[%clk 0:00:44]} 70. Rf2 {[%clk 0:00:03]} Kb1 {[%clk 0:00:45]} 0-1

[Event "Blitz 2018"]
[Site "Saint-Petersburg"]
[Date "2018.12.30"]
[Round "21"]
[Board "80"]
[White "Shubin Kirill (RUS)"]
[Black "Iljiushenok Ilia (RUS)"]
[Result "1/2-1/2"]
[LiveChessVersion "1.4.8"]
[BlackElo "2467"]
[WhiteElo "2398"]

1. e4 {[%clk 0:03:03]} c5 {[%clk 0:03:03]} 2. Nf3 {[%clk 0:03:04]} e6
{[%clk 0:03:04]} 3. g3 {[%clk 0:03:05]} Nc6 {[%clk 0:03:05]} 4. Bg2
{[%clk 0:03:06]} Nf6 {[%clk 0:03:06]} 5. Qe2 {[%clk 0:03:07]} Be7
{[%clk 0:03:06]} 6. e5 {[%clk 0:03:08]} Nd5 {[%clk 0:03:07]} 7. O-O
{[%clk 0:03:03]} O-O {[%clk 0:03:06]} 8. c3 {[%clk 0:03:02]} d6 {[%clk 0:03:06]}
9. Na3 {[%clk 0:03:00]} dxe5 {[%clk 0:02:59]} 10. Nxe5 {[%clk 0:03:00]} Nxe5
{[%clk 0:02:58]} 11. Qxe5 {[%clk 0:03:01]} Bf6 {[%clk 0:02:42]} 12. Qe2
{[%clk 0:03:01]} Bd7 {[%clk 0:02:42]} 13. Rd1 {[%clk 0:02:56]} Bc6
{[%clk 0:02:43]} 14. Nc2 {[%clk 0:02:51]} Ne7 {[%clk 0:02:35]} 15. d4
{[%clk 0:02:49]} Bxg2 {[%clk 0:02:35]} 16. Kxg2 {[%clk 0:02:50]} Qc8
{[%clk 0:02:20]} 17. Be3 {[%clk 0:02:37]} c4 {[%clk 0:02:18]} 18. Bf4
{[%clk 0:02:29]} Nd5 {[%clk 0:02:15]} 19. Be5 {[%clk 0:02:24]} Be7
{[%clk 0:02:16]} 20. Ne3 {[%clk 0:02:13]} Qc6 {[%clk 0:02:16]} 21. Nxd5
{[%clk 0:02:08]} Qxd5+ {[%clk 0:02:16]} 22. Qf3 {[%clk 0:02:02]} Rfd8
{[%clk 0:02:12]} 23. a4 {[%clk 0:01:46]} b6 {[%clk 0:01:39]} 24. Re1
{[%clk 0:01:39]} Rac8 {[%clk 0:01:37]} 25. h4 {[%clk 0:01:26]} a6
{[%clk 0:01:38]} 26. h5 {[%clk 0:01:24]} Qxf3+ {[%clk 0:01:36]} 27. Kxf3
{[%clk 0:01:24]} Rd5 {[%clk 0:01:37]} 28. g4 {[%clk 0:01:16]} f6 {[%clk 0:01:38]}
29. Bf4 {[%clk 0:01:01]} Kf7 {[%clk 0:01:39]} 30. Re2 {[%clk 0:00:59]} Rc6
{[%clk 0:01:39]} 31. Kg2 {[%clk 0:00:54]} Bf8 {[%clk 0:01:41]} 32. Bg3
{[%clk 0:00:46]} g6 {[%clk 0:01:29]} 33. hxg6+ {[%clk 0:00:40]} hxg6
{[%clk 0:01:30]} 34. Ree1 {[%clk 0:00:34]} Bh6 {[%clk 0:01:30]} 35. Rh1
{[%clk 0:00:33]} Bg7 {[%clk 0:01:26]} 36. Bf4 {[%clk 0:00:29]} g5
{[%clk 0:01:19]} 37. Be3 {[%clk 0:00:27]} f5 {[%clk 0:01:18]} 38. Bxg5
{[%clk 0:00:24]} fxg4 {[%clk 0:01:18]} 39. Be3 {[%clk 0:00:16]} e5
{[%clk 0:00:41]} 40. dxe5 {[%clk 0:00:17]} Bxe5 {[%clk 0:00:39]} 41. Rh4
{[%clk 0:00:07]} Rg6 {[%clk 0:00:39]} 42. Rah1 {[%clk 0:00:05]} b5
{[%clk 0:00:37]} 43. axb5 {[%clk 0:00:05]} Rxb5 {[%clk 0:00:38]} 44. Rh5
{[%clk 0:00:06]} g3 {[%clk 0:00:27]} 45. f4 {[%clk 0:00:05]} Rxb2+
{[%clk 0:00:28]} 46. Kf3 {[%clk 0:00:06]} g2 {[%clk 0:00:27]} 47. Rg1
{[%clk 0:00:07]} Bxc3 {[%clk 0:00:27]} 48. Rc5 {[%clk 0:00:06]} Rb3
{[%clk 0:00:26]} 49. Rxg2 {[%clk 0:00:06]} Rxg2 {[%clk 0:00:25]} 50. Kxg2
{[%clk 0:00:07]} Bb4 {[%clk 0:00:25]} 51. Rxc4 {[%clk 0:00:07]} a5
{[%clk 0:00:23]} 52. Bc5 {[%clk 0:00:08]} Rc3 {[%clk 0:00:13]} 53. Rxc3
{[%clk 0:00:09]} Bxc3 {[%clk 0:00:14]} 54. Kf3 {[%clk 0:00:11]} Bb4
{[%clk 0:00:15]} 55. Bxb4 {[%clk 0:00:10]} axb4 {[%clk 0:00:16]} 56. Ke4
{[%clk 0:00:12]} Kf6 {[%clk 0:00:17]} 57. Kd4 {[%clk 0:00:13]} Kf5
{[%clk 0:00:19]} 58. Kc4 {[%clk 0:00:15]} Kxf4 {[%clk 0:00:20]} 59. Kxb4
{[%clk 0:00:16]} 1/2-1/2

[Event "Blitz 2018"]
[Site "Saint-Petersburg"]
[Date "2018.12.30"]
[Round "21"]
[Board "81"]
[White "Belyakov Bogdan (RUS)"]
[Black "Tsoi Dmitry (RUS)"]
[Result "1/2-1/2"]
[LiveChessVersion "1.4.8"]
[BlackElo "2387"]
[WhiteElo "2448"]

1. e4 {[%clk 0:03:03]} e5 {[%clk 0:03:04]} 2. Nf3 {[%clk 0:03:04]} d6
{[%clk 0:03:05]} 3. d4 {[%clk 0:03:04]} exd4 {[%clk 0:03:05]} 4. Qxd4
{[%clk 0:03:05]} a6 {[%clk 0:03:07]} 5. c4 {[%clk 0:02:59]} Nc6 {[%clk 0:03:04]}
6. Qd1 {[%clk 0:02:56]} Nf6 {[%clk 0:03:05]} 7. Nc3 {[%clk 0:02:57]} Be7
{[%clk 0:03:06]} 8. h3 {[%clk 0:02:54]} O-O {[%clk 0:03:05]} 9. Bd3
{[%clk 0:02:55]} Ne5 {[%clk 0:03:04]} 10. O-O {[%clk 0:02:50]} c6
{[%clk 0:03:03]} 11. b3 {[%clk 0:02:48]} Qc7 {[%clk 0:03:03]} 12. Bb2
{[%clk 0:02:45]} Nfd7 {[%clk 0:03:03]} 13. Bc2 {[%clk 0:02:43]} Bf6
{[%clk 0:03:02]} 14. Nxe5 {[%clk 0:02:39]} dxe5 {[%clk 0:02:54]} 15. Ba3
{[%clk 0:02:01]} Rd8 {[%clk 0:02:55]} 16. Qd6 {[%clk 0:01:56]} Qxd6
{[%clk 0:02:51]} 17. Bxd6 {[%clk 0:01:57]} Nf8 {[%clk 0:02:50]} 18. c5
{[%clk 0:01:53]} Ne6 {[%clk 0:02:45]} 19. Na4 {[%clk 0:01:51]} b5
{[%clk 0:02:33]} 20. Nb6 Ra7 21. b4 {[%clk 0:01:42]} Rb7 {[%clk 0:02:34]} 22.
Nxc8 {[%clk 0:01:37]} Rxc8 {[%clk 0:02:34]} 23. Bd1 {[%clk 0:01:27]} Nd4
{[%clk 0:02:23]} 24. a4 {[%clk 0:01:25]} Re8 {[%clk 0:02:14]} 25. axb5
{[%clk 0:01:24]} axb5 {[%clk 0:02:15]} 26. Ra6 {[%clk 0:01:24]} g6
{[%clk 0:01:48]} 27. g3 {[%clk 0:01:24]} h5 {[%clk 0:01:44]} 28. Kg2
{[%clk 0:01:24]} Bd8 {[%clk 0:01:37]} 29. f4 {[%clk 0:00:49]} exf4
{[%clk 0:01:37]} 30. Bxf4 {[%clk 0:00:47]} Bc7 {[%clk 0:01:12]} 31. Be3
{[%clk 0:00:32]} Rxe4 {[%clk 0:01:11]} 32. Bxd4 {[%clk 0:00:30]} Rxd4
{[%clk 0:01:11]} 33. Bb3 {[%clk 0:00:29]} Be5 {[%clk 0:00:59]} 34. Rxc6
{[%clk 0:00:28]} Kg7 {[%clk 0:00:57]} 35. Rf3 {[%clk 0:00:19]} Rxb4
{[%clk 0:00:52]} 36. Rc8 {[%clk 0:00:18]} Rd7 {[%clk 0:00:26]} 37. c6
{[%clk 0:00:17]} Re7 {[%clk 0:00:20]} 38. Rd8 {[%clk 0:00:16]} Rd4
{[%clk 0:00:17]} 39. Rxd4 {[%clk 0:00:15]} Bxd4 {[%clk 0:00:18]} 40. Rxf7+
{[%clk 0:00:12]} Rxf7 {[%clk 0:00:20]} 41. Bxf7 {[%clk 0:00:12]} Be5
{[%clk 0:00:21]} 42. Bb3 {[%clk 0:00:09]} g5 {[%clk 0:00:19]} 43. h4
{[%clk 0:00:10]} gxh4 {[%clk 0:00:20]} 44. gxh4 {[%clk 0:00:10]} 1/2-1/2

[Event "Blitz 2018"]
[Site "Saint-Petersburg"]
[Date "2018.12.30"]
[Round "21"]
[Board "82"]
[White "Steinberg Nitzan (ISR)"]
[Black "Tissir Mohamed (MAR)"]
[Result "1/2-1/2"]
[LiveChessVersion "1.4.8"]
[BlackElo "2381"]
[WhiteElo "2447"]

1. e4 {[%clk 0:03:03]} c5 {[%clk 0:03:03]} 2. Nf3 {[%clk 0:03:04]} d6
{[%clk 0:03:04]} 3. d4 {[%clk 0:03:05]} cxd4 {[%clk 0:03:05]} 4. Nxd4
{[%clk 0:03:06]} Nf6 {[%clk 0:03:06]} 5. Nc3 {[%clk 0:03:07]} e6 {[%clk 0:03:07]}
6. Be2 {[%clk 0:02:57]} a6 {[%clk 0:03:06]} 7. O-O {[%clk 0:02:45]} b5
{[%clk 0:03:03]} 8. Bf3 {[%clk 0:02:42]} e5 {[%clk 0:03:04]} 9. Nf5
{[%clk 0:02:43]} g6 {[%clk 0:03:06]} 10. Ne3 {[%clk 0:02:31]} Bb7
{[%clk 0:02:37]} 11. a4 {[%clk 0:02:31]} b4 {[%clk 0:02:33]} 12. Ncd5
{[%clk 0:02:32]} a5 {[%clk 0:02:23]} 13. c3 {[%clk 0:02:27]} bxc3
{[%clk 0:02:23]} 14. bxc3 {[%clk 0:02:28]} Nbd7 {[%clk 0:02:10]} 15. Rb1
{[%clk 0:02:29]} Ba6 {[%clk 0:02:11]} 16. Re1 {[%clk 0:02:25]} Nc5
{[%clk 0:01:24]} 17. Ba3 {[%clk 0:02:15]} Nd3 {[%clk 0:01:17]} 18. Nxf6+
{[%clk 0:02:06]} Qxf6 {[%clk 0:01:15]} 19. Nd5 {[%clk 0:02:07]} Qd8
{[%clk 0:01:14]} 20. Re3 {[%clk 0:02:07]} Nc5 {[%clk 0:01:04]} 21. Be2
{[%clk 0:02:00]} Bg7 {[%clk 0:00:46]} 22. Bxa6 {[%clk 0:01:53]} Nxa6
{[%clk 0:00:46]} 23. Rb6 {[%clk 0:01:42]} Nc5 {[%clk 0:00:41]} 24. Bxc5
{[%clk 0:01:28]} dxc5 {[%clk 0:00:42]} 25. Rd3 {[%clk 0:01:22]} O-O
{[%clk 0:00:34]} 26. g3 {[%clk 0:01:14]} Kh8 {[%clk 0:00:31]} 27. c4
{[%clk 0:01:06]} f5 {[%clk 0:00:32]} 28. Qe2 {[%clk 0:01:03]} Qg5
{[%clk 0:00:27]} 29. Rb1 {[%clk 0:00:45]} Rab8 {[%clk 0:00:27]} 30. Rdb3
{[%clk 0:00:43]} Rxb3 {[%clk 0:00:24]} 31. Rxb3 {[%clk 0:00:44]} f4
{[%clk 0:00:25]} 32. Kg2 {[%clk 0:00:37]} Qd8 {[%clk 0:00:18]} 33. h4
{[%clk 0:00:34]} Qd7 {[%clk 0:00:17]} 34. Nb6 {[%clk 0:00:19]} Qc6
{[%clk 0:00:16]} 35. g4 {[%clk 0:00:16]} f3+ {[%clk 0:00:16]} 36. Rxf3
{[%clk 0:00:16]} Qxb6 {[%clk 0:00:17]} 37. Rxf8+ Bxf8 {[%clk 0:00:18]} 38. Qd2
{[%clk 0:00:15]} Qe6 {[%clk 0:00:14]} 39. f3 {[%clk 0:00:14]} Qxc4
{[%clk 0:00:13]} 40. Qxa5 {[%clk 0:00:15]} Qd4 {[%clk 0:00:08]} 41. Qa8
{[%clk 0:00:15]} Kg7 {[%clk 0:00:08]} 42. a5 {[%clk 0:00:14]} c4 {[%clk 0:00:09]}
43. a6 {[%clk 0:00:15]} c3 {[%clk 0:00:08]} 44. Qb7+ {[%clk 0:00:16]} Kg8
{[%clk 0:00:09]} 45. a7 {[%clk 0:00:12]} c2 {[%clk 0:00:10]} 46. Qb3+
{[%clk 0:00:12]} Kg7 {[%clk 0:00:08]} 47. Qb7+ {[%clk 0:00:10]} Kg8
{[%clk 0:00:08]} 48. Qb3+ {[%clk 0:00:10]} Kg7 {[%clk 0:00:10]} 49. Qb7+
{[%clk 0:00:06]} Kg8 {[%clk 0:00:09]} 50. Qb3+ {[%clk 0:00:07]} Kg7
{[%clk 0:00:11]} 51. Qb7+ {[%clk 0:00:08]} 1/2-1/2

[Event "Blitz 2018"]
[Site "Saint-Petersburg"]
[Date "2018.12.30"]
[Round "21"]
[Board "83"]
[White "Borisenko Viacheslav (UKR)"]
[Black "Oganian Miran (RUS)"]
[Result "0-1"]
[LiveChessVersion "1.4.8"]
[BlackElo "2326"]
[WhiteElo "2444"]

1. e4 {[%clk 0:03:03]} c5 {[%clk 0:03:03]} 2. Nf3 {[%clk 0:03:04]} Nc6
{[%clk 0:03:05]} 3. c3 {[%clk 0:03:06]} Nf6 {[%clk 0:03:05]} 4. d3
{[%clk 0:03:07]} d5 {[%clk 0:03:06]} 5. e5 {[%clk 0:03:08]} Ng4 {[%clk 0:03:01]}
6. d4 {[%clk 0:03:08]} cxd4 {[%clk 0:02:58]} 7. cxd4 {[%clk 0:03:08]} g6
{[%clk 0:02:50]} 8. Nc3 {[%clk 0:03:05]} Bg7 {[%clk 0:02:48]} 9. Be2
{[%clk 0:02:44]} O-O {[%clk 0:02:46]} 10. Qb3 {[%clk 0:02:33]} e6
{[%clk 0:02:18]} 11. O-O {[%clk 0:02:25]} f6 {[%clk 0:02:08]} 12. h3
{[%clk 0:02:11]} fxe5 {[%clk 0:01:49]} 13. hxg4 {[%clk 0:02:08]} e4
{[%clk 0:01:48]} 14. Ng5 {[%clk 0:01:54]} Nxd4 {[%clk 0:01:47]} 15. Qd1
{[%clk 0:01:55]} h6 {[%clk 0:01:27]} 16. Nh3 {[%clk 0:01:55]} Qh4
{[%clk 0:01:27]} 17. Kh2 {[%clk 0:01:20]} Be5+ {[%clk 0:01:16]} 18. g3
{[%clk 0:01:13]} Rxf2+ {[%clk 0:01:01]} 19. Rxf2 {[%clk 0:01:13]} Qxg3+
{[%clk 0:00:26]} 20. Kh1 {[%clk 0:01:13]} Qxh3+ {[%clk 0:00:24]} 21. Kg1
{[%clk 0:01:14]} Nxe2+ {[%clk 0:00:04]} 22. Nxe2 {[%clk 0:01:10]} Bd7
{[%clk 0:00:05]} 23. Qf1 {[%clk 0:01:10]} Qxg4+ {[%clk 0:00:04]} 24. Rg2
{[%clk 0:01:08]} Qh5 {[%clk 0:00:05]} 25. Nf4 {[%clk 0:00:56]} Bd4+
{[%clk 0:00:06]} 26. Rf2 {[%clk 0:00:51]} Qg4+ {[%clk 0:00:07]} 27. Qg2
{[%clk 0:00:52]} Bxf2+ {[%clk 0:00:08]} 28. Kxf2 {[%clk 0:00:52]} Qxg2+
{[%clk 0:00:05]} 29. Nxg2 {[%clk 0:00:52]} g5 {[%clk 0:00:06]} 30. Be3
{[%clk 0:00:45]} Rf8+ {[%clk 0:00:07]} 31. Ke2 {[%clk 0:00:34]} Bb5+
{[%clk 0:00:07]} 32. Kd2 {[%clk 0:00:35]} e5 {[%clk 0:00:08]} 33. Bc5
{[%clk 0:00:32]} Rf3 {[%clk 0:00:07]} 34. a4 {[%clk 0:00:28]} Ba6
{[%clk 0:00:06]} 35. b4 {[%clk 0:00:26]} Bc4 {[%clk 0:00:07]} 36. Ne3
{[%clk 0:00:25]} Rf2+ {[%clk 0:00:05]} 37. Kc3 {[%clk 0:00:23]} Rf3
{[%clk 0:00:04]} 38. Kd2 {[%clk 0:00:24]} Bb3 {[%clk 0:00:05]} 39. Ra3
{[%clk 0:00:20]} Ba2 {[%clk 0:00:04]} 40. Kc1 {[%clk 0:00:09]} Bc4
{[%clk 0:00:03]} 41. Nxc4 {[%clk 0:00:09]} dxc4 {[%clk 0:00:04]} 42. Rxf3
{[%clk 0:00:10]} exf3 {[%clk 0:00:05]} 43. Bxa7 {[%clk 0:00:12]} Kf7
{[%clk 0:00:04]} 44. Kd2 {[%clk 0:00:11]} Ke6 {[%clk 0:00:05]} 45. b5
{[%clk 0:00:12]} Kd6 {[%clk 0:00:04]} 46. a5 {[%clk 0:00:13]} h5 {[%clk 0:00:05]}
47. Bb8+ {[%clk 0:00:07]} Kc5 {[%clk 0:00:04]} 48. a6 {[%clk 0:00:07]} bxa6
{[%clk 0:00:04]} 49. bxa6 {[%clk 0:00:09]} Kb6 {[%clk 0:00:05]} 50. a7
{[%clk 0:00:09]} Kb7 {[%clk 0:00:06]} 51. Bxe5 {[%clk 0:00:08]} Kxa7
{[%clk 0:00:07]} 52. Bf6 {[%clk 0:00:09]} h4 {[%clk 0:00:05]} 53. Bxg5
{[%clk 0:00:08]} h3 {[%clk 0:00:06]} 54. Bf4 {[%clk 0:00:09]} c3+
{[%clk 0:00:06]} 55. Ke1 {[%clk 0:00:08]} c2 {[%clk 0:00:05]} 56. Kf2
{[%clk 0:00:06]} h2 {[%clk 0:00:06]} 57. Bxh2 {[%clk 0:00:00]} c1=Q
{[%clk 0:00:06]} 0-1